[Event "UAE President Cup"]
[Site "Abu Dhabi"]
[Date "2012.07.01"]
[Round "5"]
[White "Al Huwar, Jasem"]
[Black "Ali, Mahmoud"]
[Result "1-0"]
[WhiteElo "2270"]
[BlackElo "2100"]
[PlyCount "37"]
[EventDate "2012.06.28"]
[EventType "swiss"]
[EventRounds "9"]
[EventCountry "UAE"]
[SourceTitle "CBM 149 Extra"]
[Source "ChessBase"]
[SourceDate "2012.08.24"]
[SourceVersion "1"]
[SourceVersionDate "2012.08.24"]
[SourceQuality "1"]

1. Nf3 d5 2. g3 c6 3. Bg2 Bf5 4. 0-0 e6 5. d3 Bg6 6. c4 f5 7. Qb3 Qb6 8. Qc2 Nd7 9. Nc3 Ngf6 10. Ng5 Bf7 11. Be3 Qa5 12. cxd5 exd5 13. Bd2 Qa6 14. Nxf7 Kxf7 15. e4 fxe4 16. dxe4 d4 17. Qb3+ Kg6 18. Bh3 Ne5 19. Bf5+ 1-0

[Event "UAE-ch"]
[Site "Abu Dhabi"]
[Date "2011.06.29"]
[Round "5"]
[White "Al Marzouqi, Abdulla M"]
[Black "Ali, Mahmoud"]
[Result "1-0"]
[WhiteElo "1990"]
[BlackElo "2102"]
[PlyCount "53"]
[EventDate "2011.06.25"]
[EventType "swiss"]
[EventRounds "9"]
[EventCountry "UAE"]
[SourceTitle "CBM 143 Extra"]
[Source "ChessBase"]
[SourceDate "2011.08.29"]
[SourceVersion "1"]
[SourceVersionDate "2011.08.29"]
[SourceQuality "1"]

1. e4 c5 2. d4 cxd4 3. c3 dxc3 4. Nxc3 d6 5. Nf3 Nc6 6. Bc4 e6 7. 0-0 Be7 8. Qe2 a6 9. a4 Nf6 10. Rd1 Qc7 11. Bf4 0-0 12. Rac1 Rd8 13. Ba2 Qb8 14. h3 Bd7 15. e5 Nxe5 16. Nxe5 dxe5 17. Bxe5 Qa7 18. Bd4 Bc5 19. Bxf6 gxf6 20. Ne4 Be7 21. Rc7 Bxa4 22. Rxd8+ Bxd8 23. Qg4+ Kf8 24. Rxf7+ Kxf7 25. Qxe6+ Kg7 26. Qg4+ Kh6 27. Nd6 1-0

[Event "UAE President's Cup"]
[Site "Al Ain"]
[Date "2008.08.25"]
[Round "4"]
[White "Al Huwar, Jasem"]
[Black "Ali, Mahmoud"]
[Result "0-1"]
[WhiteElo "2260"]
[BlackElo "2180"]
[PlyCount "88"]
[EventDate "2008.08.23"]
[EventType "swiss"]
[EventRounds "9"]
[EventCountry "UAE"]
[SourceTitle "CBM 126 Extra"]
[Source "ChessBase"]
[SourceDate "2008.11.05"]
[SourceVersion "1"]
[SourceVersionDate "2008.11.05"]
[SourceQuality "1"]

1. d4 d5 2. c4 e6 3. Nf3 c6 4. e3 Nf6 5. Bd3 dxc4 6. Bxc4 b5 7. Bb3 Bb7 8. 0-0 Nbd7 9. Qe2 a6 10. Nbd2 c5 11. Rd1 Qb6 12. Bc2 Rc8 13. Nf1 Be7 14. Ng3 h5 15. e4 h4 16. Nf1 h3 17. g3 cxd4 18. Nxd4 Ne5 19. Bf4 Nc4 20. e5 Nd5 21. Bc1 Nxe5 22. Be4 Nf6 23. Bxb7 Qxb7 24. f3 Nfd7 25. Bf4 Bf6 26. Nd2 0-0 27. Ne4 Ng6 28. Be3 Rfd8 29. Nd6 Qa8 30. Nxc8 Rxc8 31. Rac1 Rxc1 32. Rxc1 Qd5 33. Nb3 Nde5 34. Rf1 Nc4 35. Bc1 Nge5 36. f4 Nd3 37. Qf3 Bd4+ 38. Nxd4 Qxd4+ 39. Kh1 e5 40. fxe5 Ncxe5 41. Qa8+ Kh7 42. Bf4 Nf2+ 43. Kg1 Ne4+ 44. Kh1 Qd3 0-1

[Event "UAE President's Cup"]
[Site "Al Ain"]
[Date "2008.08.25"]
[Round "3"]
[White "Ali, Mahmoud"]
[Black "Saeed, Yousif"]
[Result "1-0"]
[WhiteElo "2180"]
[BlackElo "1844"]
[PlyCount "83"]
[EventDate "2008.08.23"]
[EventType "swiss"]
[EventRounds "9"]
[EventCountry "UAE"]
[SourceTitle "CBM 126 Extra"]
[Source "ChessBase"]
[SourceDate "2008.11.05"]
[SourceVersion "1"]
[SourceVersionDate "2008.11.05"]
[SourceQuality "1"]

1. d4 d5 2. Nf3 Nf6 3. Bf4 Bf5 4. c4 e6 5. Qb3 Qc8 6. Nc3 c6 7. Rc1 dxc4 8. Qxc4 Nbd7 9. Nb5 Nb6 10. Qb3 Nfd5 11. Nd6+ Bxd6 12. Bxd6 Qd7 13. Qa3 f6 14. Nh4 Bg6 15. Nxg6 hxg6 16. e4 Nc7 17. Qg3 0-0-0 18. Bc5 Rh5 19. Qa3 Kb8 20. Be2 Rh4 21. f3 Rdh8 22. h3 Rd8 23. 0-0 Nc8 24. Rfd1 f5 25. Qe3 b6 26. Bb4 f4 27. Qc3 Kb7 28. a4 Rh5 29. Ba3 Nd6 30. b4 b5 31. Bb2 Nde8 32. Rc2 Rc8 33. Rdc1 Nd6 34. Qxc6+ Qxc6 35. Rxc6 Nc4 36. Bxc4 Kxc6 37. Bxe6+ Kb7 38. Bxc8+ Kxc8 39. d5 Kd7 40. axb5 Nxb5 41. Rc6 Nd6 42. Bxg7 1-0

[Event "UAE President Cup 13th"]
[Site "Dubai"]
[Date "2007.01.21"]
[Round "4"]
[White "Al Huwar, Jasem"]
[Black "Ali, Mahmoud"]
[Result "1-0"]
[WhiteElo "2304"]
[BlackElo "2177"]
[PlyCount "63"]
[EventDate "2007.01.18"]
[EventType "swiss"]
[EventRounds "9"]
[EventCountry "UAE"]
[SourceTitle "EXT 2018"]
[Source "ChessBase"]
[SourceDate "2017.10.13"]
[SourceVersion "1"]
[SourceVersionDate "2017.10.13"]
[SourceQuality "1"]

1. d4 d5 2. c4 c6 3. Nc3 Nf6 4. e3 Bf5 5. cxd5 cxd5 6. Qb3 e6 7. Qxb7 Nbd7 8. Nf3 Be7 9. Be2 0-0 10. 0-0 Rb8 11. Qxa7 Bc2 12. Nb5 Ne8 13. Ne5 Nxe5 14. dxe5 f6 15. Bd2 Ra8 16. Qd4 Ra4 17. Qc3 Bf5 18. Nd4 fxe5 19. Nc6 Qd6 20. Nxe7+ Qxe7 21. Qxe5 Rf6 22. f3 Rh4 23. Be1 Rh5 24. Rc1 Rfh6 25. Qb8 Rxh2 26. Bg3 Rh1+ 27. Kf2 Rxf1+ 28. Bxf1 e5 29. Qxe5 Qf7 30. Bb5 Nd6 31. Bc6 Be4 32. Kg1 1-0

[Event "Abu Dhabi op 11th"]
[Site "Abu Dhabi"]
[Date "2001.09.01"]
[Round "7"]
[White "Molina Morena, Antonio"]
[Black "Ali, Mahmoud"]
[Result "1-0"]
[WhiteElo "2293"]
[BlackElo "2274"]
[PlyCount "89"]
[EventDate "2001.08.25"]
[EventType "swiss"]
[EventRounds "9"]
[EventCountry "UAE"]
[SourceTitle "EXT 2002"]
[Source "ChessBase"]
[SourceDate "2001.11.25"]
[SourceVersion "1"]
[SourceVersionDate "2001.11.25"]
[SourceQuality "1"]

1. d4 d5 2. c4 e6 3. Nc3 c6 4. Nf3 dxc4 5. a4 Bb4 6. e3 b5 7. Bd2 a5 8. axb5 Bxc3 9. Bxc3 cxb5 10. b3 Bb7 11. bxc4 b4 12. Bb2 Nf6 13. Bd3 Nbd7 14. 0-0 0-0 15. Nd2 Qc7 16. Re1 Rfe8 17. c5 Bc6 18. Bc2 Red8 19. Ba4 Ne4 20. Bxc6 Qxc6 21. Nxe4 Qxe4 22. Qa4 Nf6 23. f3 Qd3 24. Rad1 Qa6 25. e4 Qa7 26. Kh1 Nd7 27. Qb3 Nf6 28. Rc1 Rdc8 29. Red1 Rab8 30. Qa4 Nd7 31. Ra1 Ra8 32. c6 Nb6 33. Qb5 Qa6 34. Qxa6 Rxa6 35. d5 Nc4 36. Bd4 f6 37. Rac1 exd5 38. exd5 Nd6 39. Re1 b3 40. Bc5 Nf7 41. Ba3 a4 42. Re7 Rb6 43. Rb7 Ra6 44. c7 Raa8 45. f4 1-0

[Event "Abu Dhabi op 11th"]
[Site "Abu Dhabi"]
[Date "2001.08.28"]
[Round "4"]
[White "Ali, Mahmoud"]
[Black "Hussan, Mohamed Seif"]
[Result "1-0"]
[WhiteElo "2274"]
[BlackElo "2142"]
[PlyCount "75"]
[EventDate "2001.08.25"]
[EventType "swiss"]
[EventRounds "9"]
[EventCountry "UAE"]
[SourceTitle "EXT 2002"]
[Source "ChessBase"]
[SourceDate "2001.11.25"]
[SourceVersion "1"]
[SourceVersionDate "2001.11.25"]
[SourceQuality "1"]

1. d4 c5 2. e4 cxd4 3. c3 dxc3 4. Nxc3 d6 5. Nf3 Nc6 6. Bc4 g6 7. e5 Bg7 8. exd6 exd6 9. 0-0 Nge7 10. Bf4 0-0 11. Qxd6 Qb6 12. Bb3 Bg4 13. Ng5 Rad8 14. Qa3 Nb4 15. Be3 Bd4 16. Bxd4 Rxd4 17. h3 Bf5 18. Rad1 Nbc6 19. Nd5 Nxd5 20. Bxd5 Qd8 21. Bxf7+ Rxf7 22. Nxf7 Kxf7 23. Qb3+ Be6 24. Rxd4 Qxd4 25. Qxb7+ Ne7 26. Re1 Qd2 27. Re3 Qd1+ 28. Kh2 Qd6+ 29. g3 Bd5 30. Rxe7+ Qxe7 31. Qxd5+ Kg7 32. Qd4+ Kg8 33. b4 Qb7 34. a4 Qa6 35. a5 Qb7 36. Qc4+ Kf8 37. Qc5+ Ke8 38. b5 1-0

[Event "Abu Dhabi op 11th"]
[Site "Abu Dhabi"]
[Date "2001.08.27"]
[Round "3"]
[White "Raetsky, Alexander"]
[Black "Ali, Mahmoud"]
[Result "1-0"]
[WhiteElo "2452"]
[BlackElo "2274"]
[PlyCount "55"]
[EventDate "2001.08.25"]
[EventType "swiss"]
[EventRounds "9"]
[EventCountry "UAE"]
[SourceTitle "EXT 2002"]
[Source "ChessBase"]
[SourceDate "2001.11.25"]
[SourceVersion "1"]
[SourceVersionDate "2001.11.25"]
[SourceQuality "1"]

1. d4 d5 2. c4 e6 3. Nf3 c6 4. Qc2 Bd6 5. g3 f5 6. Bf4 Bxf4 7. gxf4 Nf6 8. e3 0-0 9. Nc3 Ne4 10. 0-0-0 Qa5 11. Kb1 Nxc3+ 12. Qxc3 Qxc3 13. bxc3 Nd7 14. Kb2 b6 15. cxd5 exd5 16. c4 Nf6 17. cxd5 cxd5 18. Rc1 Ne4 19. Bb5 Bb7 20. Rc7 Nd6 21. Bd7 Rf6 22. Ne5 Rb8 23. Rg1 Rh6 24. Be6+ Rxe6 25. Rgxg7+ Kf8 26. Rxh7 Kg8 27. Rcg7+ Kf8 28. Nd7+ 1-0

[Event "Biel MTO op"]
[Site "Biel"]
[Date "2001.08.03"]
[Round "11"]
[White "Ali, Mahmoud"]
[Black "Allemann, Anton"]
[Result "1-0"]
[WhiteElo "2274"]
[BlackElo "2154"]
[PlyCount "121"]
[EventDate "2001.07.23"]
[EventType "swiss"]
[EventRounds "11"]
[EventCountry "SUI"]
[SourceTitle "CBM 083 Extra"]
[Source "ChessBase"]
[SourceDate "2001.09.11"]
[SourceVersion "1"]
[SourceVersionDate "2001.09.11"]
[SourceQuality "1"]

1. d4 Nf6 2. c4 g6 3. Nc3 Bg7 4. e4 d6 5. Be2 0-0 6. Nf3 e5 7. 0-0 exd4 8. Nxd4 Re8 9. f3 c6 10. Nc2 Na6 11. Be3 d5 12. cxd5 cxd5 13. exd5 Nb4 14. Bd4 Nxc2 15. Qxc2 Nxd5 16. Bxg7 Ne3 17. Qd3 Qxd3 18. Bxd3 Nxf1 19. Bh6 Nd2 20. Rd1 Nxf3+ 21. gxf3 Be6 22. Kf2 Red8 23. Bc2 Rxd1 24. Bxd1 f6 25. Be3 Kf7 26. Bd4 a6 27. a4 Rd8 28. Ke3 Rd7 29. Ne4 h6 30. Nc5 Re7 31. Nxe6 Rxe6+ 32. Kd2 Rd6 33. Kd3 Ke6 34. Bb3+ Kf5 35. Ke3 g5 36. Bc2+ Ke6 37. a5 f5 38. Bb3+ Kd7 39. Be5 Rg6 40. Bd5 Kc8 41. Kd4 b6 42. axb6 Rxb6 43. Kc5 Rb5+ 44. Kc6 f4 45. b4 g4 46. fxg4 f3 47. Bg3 f2 48. Bxf2 Rxb4 49. Bb6 Rb2 50. Be4 Rb3 51. Bf5+ Kb8 52. Bc7+ Ka7 53. Bf4 a5 54. Be6 Rc3+ 55. Kb5 a4 56. Kxa4 Rc2 57. Kb5 Kb7 58. h4 Rb2+ 59. Kc5 Rb6 60. Bd5+ Ka6 61. Bc6 1-0

[Event "Biel MTO op"]
[Site "Biel"]
[Date "2001.08.01"]
[Round "9"]
[White "Misiano, Franco"]
[Black "Ali, Mahmoud"]
[Result "1-0"]
[WhiteElo "2200"]
[BlackElo "2274"]
[PlyCount "63"]
[EventDate "2001.07.23"]
[EventType "swiss"]
[EventRounds "11"]
[EventCountry "SUI"]
[SourceTitle "CBM 083 Extra"]
[Source "ChessBase"]
[SourceDate "2001.09.11"]
[SourceVersion "1"]
[SourceVersionDate "2001.09.11"]
[SourceQuality "1"]

1. e4 c5 2. Nf3 b6 3. d4 cxd4 4. Nxd4 Bb7 5. Nc3 a6 6. a4 e6 7. Bd3 Qc7 8. 0-0 Nf6 9. Qe2 d6 10. f4 Nbd7 11. Kh1 Be7 12. Bd2 0-0 13. Nf3 Rfe8 14. Rae1 Bf8 15. e5 Bxf3 16. Rxf3 Ng4 17. Rh3 f5 18. exf6 Ngxf6 19. Ne4 e5 20. Bc3 exf4 21. Qf2 h6 22. Qxf4 Nd5 23. Qd2 Nxc3 24. Nxc3 Nf6 25. Ne4 Ng4 26. Rg3 h5 27. Qg5 Re5 28. Qg6 Qe7 29. Rf1 d5 30. Rxg4 dxe4 31. Rxe4 Qe8 32. Rxe5 1-0

[Event "Abu Dhabi op 09th"]
[Site "Abu Dhabi"]
[Date "1999.08.24"]
[Round "4"]
[White "Ali, Mahmoud"]
[Black "Othman, Rabeea"]
[Result "1-0"]
[WhiteElo "2207"]
[BlackElo "2095"]
[PlyCount "73"]
[EventDate "1999.08.21"]
[EventType "swiss"]
[EventRounds "9"]
[EventCountry "UAE"]
[SourceTitle "EXT 2000"]
[Source "ChessBase"]
[SourceDate "1999.11.16"]
[SourceVersion "1"]
[SourceVersionDate "1999.11.16"]
[SourceQuality "1"]

1. d4 d5 2. c4 c6 3. Nf3 Bf5 4. Nc3 e6 5. Bf4 Nd7 6. e3 Be7 7. cxd5 exd5 8. Bd3 Bxd3 9. Qxd3 Bf6 10. e4 g5 11. Bg3 g4 12. Ne5 Bxe5 13. dxe5 Nc5 14. Qd4 Ne6 15. Qb4 d4 16. Ne2 Qb6 17. a3 0-0-0 18. Nf4 Qxb4+ 19. axb4 a6 20. Nxe6 fxe6 21. h3 gxh3 22. Rxh3 Ne7 23. Bh4 Rd7 24. Bf6 Ng6 25. Bxh8 Nxh8 26. f4 Ng6 27. g3 Kc7 28. Kd2 Kb6 29. Rah1 Nf8 30. Rh6 Rg7 31. R1h3 Kb5 32. Rf6 Ng6 33. Rxe6 Nxf4 34. gxf4 Rg2+ 35. Kc1 Kxb4 36. Rd6 c5 37. e6 1-0

[Event "Asia-ch"]
[Site "Dubai"]
[Date "1996.??.??"]
[Round "?"]
[White "Ali, Mahmoud"]
[Black "Isaev, Jamshed"]
[Result "0-1"]
[WhiteElo "2195"]
[BlackElo "2450"]
[PlyCount "58"]
[EventDate "1996.??.??"]
[EventType "swiss"]
[EventRounds "9"]
[EventCountry "UAE"]
[SourceTitle "EXT 1999"]
[Source "ChessBase"]
[SourceDate "1998.11.16"]
[SourceVersion "1"]
[SourceVersionDate "1998.11.16"]
[SourceQuality "1"]

1. d4 Nf6 2. c4 g6 3. Nc3 d5 4. Bg5 Ne4 5. Bf4 Nxc3 6. bxc3 Bg7 7. Nf3 0-0 8. e3 c5 9. Bd3 dxc4 10. Bxc4 Qa5 11. Qd2 Nc6 12. 0-0 Bg4 13. Ne5 Nxe5 14. Bxe5 Bxe5 15. dxe5 b5 16. Bd3 Rad8 17. Qc2 Rd7 18. h3 Be6 19. f4 Rfd8 20. f5 gxf5 21. Bxf5 Rd2 22. Qe4 Bd5 23. Qg4+ Kh8 24. e4 Rg8 25. Qf3 Rgxg2+ 26. Qxg2 Rxg2+ 27. Kxg2 Bc6 28. e6 fxe6 29. Bxe6 Bxe4+ 0-1

[Event "Asia-chT fin 11th"]
[Site "Singapore"]
[Date "1995.12.16"]
[Round "3"]
[White "Ali, Mahmoud"]
[Black "Freeman, Michael"]
[Result "1/2-1/2"]
[WhiteElo "2230"]
[BlackElo "2205"]
[PlyCount "86"]
[EventDate "1995.12.14"]
[EventType "team"]
[EventRounds "9"]
[EventCountry "SIN"]
[SourceTitle "CBM 050 Extra"]
[Source "ChessBase"]
[SourceDate "1996.03.01"]
[SourceVersion "1"]
[SourceVersionDate "1996.03.01"]
[SourceQuality "1"]
[WhiteTeam "United Arab Emirates"]
[BlackTeam "New Zealand"]
[WhiteTeamCountry "UAE"]
[BlackTeamCountry "NZL"]

1. d4 e6 2. c4 b6 3. e4 Bb7 4. Nc3 Bb4 5. Bd3 f5 6. Qh5+ g6 7. Qe2 Nf6 8. Bg5 h6 9. Bxf6 Qxf6 10. Nf3 0-0 11. 0-0-0 Bxc3 12. bxc3 fxe4 13. Bxe4 Qf4+ 14. Nd2 Bxe4 15. Qxe4 Qxe4 16. Nxe4 Nc6 17. f3 Na5 18. Nd2 Rf4 19. Rhe1 Raf8 20. Re2 Kg7 21. Rde1 R8f7 22. Kc2 R4f5 23. Kd3 Nc6 24. Nb3 Rh5 25. h3 Rhf5 26. Kc2 Na5 27. Nxa5 Rxa5 28. Kb3 Rg5 29. Rd1 Kf6 30. g4 Ke7 31. Re3 Ra5 32. d5 Kf6 33. h4 g5 34. h5 e5 35. a4 Rc5 36. Ra1 a5 37. Rd1 d6 38. Rf1 Kg7 39. Re4 c6 40. dxc6 Rxc6 41. Re3 Rf4 42. Re4 Rf6 43. Re3 Rf4 1/2-1/2